Statistics for The X-Files Characters

Click here to take the quiz!

General Stats

  • This quiz has been taken 219 times
  • The average score is 12 of 20

Answer Stats

HintAnswer% Correct
main character; a skeptic and a medical doctorDana Scully
99%
main character; wants to believeFox Mulder
98%
Assistant director of the FBIWalter Skinner
94%
sister of above; was abducted as a childSamantha Mulder
87%
main antagonist; goes by several aliasesCigarette Smoking Man (or CGB Spender)
86%
Group of conspiracy theorists and hackersThe Lone Gunmen
80%
an antagonist; killed #1's father; speaks RussianAlex Krycek
73%
an informer for our heroes in season 1Deep Throat
72%
main character in later seasons; a skeptic; former cop who lost his sonJohn Doggett
64%
member of above group; short guy who thinks #4 is hotMelvin Frohike
63%
main character in later seasons; a believer in paranormal and supernatural phenomenaMonica Reyes
57%
Recurring character; can "squeeze" into any spaceEugene Victor Tooms
56%
an antagonist; son of #5Jeffrey Spender
56%
member of above group; has long hair and wears a lot of band t-shirtsRichard Langly
50%
member of above group; named after JFK; often wore suitsJohn Fitzgerald Byers
50%
another informer; a successor to the previousX
50%
Another Assistant Director of the FBI; an antagonistAlvin Kersh
28%
Mother of #4Margaret Scully
27%
Recurring character; can "push" his will onto othersRobert Patrick Modell
22%
Recurring character; a "death fetishist"Donnie Pfaster
21%

Score Distribution

Percentile by Number Answered

Percent of People with Each Score

Your Score History

You have not taken this quiz